000 00817nam a22002297a 4500
005 20251108172702.0
008 250721s2002 xx 000 0 ara d
082 1 4 _a956.402/ذبا
100 1 _aبوشه، تيسير
_eمحقق
245 1 0 _aالذبائح البشرية للكعكة التلمودية /
264 1 _aعمان :
_bمؤسسة آمون للإستثمار الإعلامي،
_c2002.
300 _a157ص
490 0 _aآمون الثقافية ؛1
650 1 7 _aتاريخ فلسطين
650 1 7 _aإسرائيل
650 1 7 _aالنزاع العربي الإسرائيلي
650 1 7 _aمخيمات اللاجئين الفلسطينين
650 1 7 _aالمجازر البشرية
700 1 _aعبدالحليم، سيد
_eمحقق مشارك
942 _2ddc
_cBK
999 _c85902
_d85902